Normal view
MARC view
Entry Término temático
001 - NÚMERO DE CONTROL
- campo de control: 84054
003 - IDENTIFICADOR DEL NÚMERO DE CONTROL
- campo de control: DO-SdBNP
005 - FECHA Y HORA DE LA ÚLTIMA TRANSACCIÓN
- campo de control: 20230905085047.0
008 - DATOS DE LONGITUD FIJA
- campo de control de longitud fija: 230905|| aca||aabn | a|a d
040 ## - FUENTE DE LA CATALOGACIÓN
- Centro catalogador/agencia de origen: DO-SdBNP
- Centro/agencia transcriptor: DO-SdBNP
150 ## - ENCABEZAMIENTO--TÉRMINO DE MATERIA
- Término de materia o nombre geográfico como elemento de entrada: Poesía española
- Subdivisión de forma: Coletaneas
670 ## - FUENTE DE DATOS ENCONTRADOS
- Cita de la fuente: Work cat.: (DO-SdBNP)19882: García Montero, Luis, 1958- 14059, Yo quiero ser diciembre :, 2015.
